Atmosférická depozice 2004 /

Další autoři: Atmosférická depozice (seminář), Šír, Miloslav, 1956-, Tesař, Miroslav, 1956-
Jazyk: Slovenština
Čeština
Angličtina
Vydáno: Praha : Ústav pro hydrodynamiku AV ČR, 2004
Témata:
Externí odkaz: Digitalizovaný dokument
Fyzický popis: 136 s. : il., mapy, grafická znázornění ; 25 cm
Language note: Český, anglický a slovenský text
Knihy
Uloženo v:
LEADER 01911nam a2200457 a 4500
001 000758089
003 CZ BrMZK
005 20070424173614.0
007 ta
008 050104s2004 xr abd er 100 0 cze d
015 |a cnb001326415 
020 |a 80-02-01659-9  |q (brož.) 
035 |a (OCoLC)228776998 
040 |a BOA001  |b cze 
041 0 |a cze  |a eng  |a slo 
043 |a e-xr--- 
072 7 |a 504  |x Znečištění a poškození životního prostředí  |2 Konspekt  |9 2 
080 |a 504.5:502.3  |2 MRF 
080 |a 574.4/.5  |2 MRF 
080 |a (437.3)  |2 MRF 
080 |a (062.534)  |2 MRF 
111 2 |a Atmosférická depozice (seminář)  |d (2004 :  |c Tejmlov, Javorník, Vacov, Česko)  |7 olak2005266690 
245 1 0 |a Atmosférická depozice 2004 /  |c editoři Miloslav Šír a Miroslav Tesař 
260 |a Praha :  |b Ústav pro hydrodynamiku AV ČR,  |c 2004 
300 |a 136 s. :  |b il., mapy, grafická znázornění ;  |c 25 cm 
500 |a Seminář se konal ve dnech 29. a 30.6.2004 
500 |a Vyšlo s podporou Grantové agentury Akademie věd ČR (projekt IAA3042301) a MŠMT (projekt COST OC715.40) 
504 |a Obsahuje bibliografie 
546 |a Český, anglický a slovenský text 
500 |a Dostupné též v digitální podobě v aplikaci Kramerius 
650 0 7 |a znečištění ovzduší  |7 ph127659  |z Česko  |2 czenas 
650 0 7 |a ekosystémy  |7 ph114432  |z Česko  |2 czenas 
653 |a atmosférická depozice 
655 7 |a sborníky konferencí  |7 fd133333  |2 czenas 
700 1 |a Šír, Miloslav,  |d 1956-  |7 mzk2004217490  |4 edt 
700 1 |a Tesař, Miroslav,  |d 1956-  |7 mzk2004217489  |4 edt 
856 4 1 |u http://www.digitalniknihovna.cz/mzk/uuid/uuid:128917d0-12af-11e6-a7f7-005056827e51  |y Digitalizovaný dokument  |x NDK 
910 |a BOA001  |b 3-1146.194 
990 |a BK 
991 |b 200502  |c NOV 
996 6 |b 2610239173  |c 3-1146.194  |l MZK  |r Sklad / do 1 hodiny  |n 1  |p p.v.  |w 000758089  |u 000010  |a 1  |e BOA001  |j MZK50  |s P